LEADER 01813nam a2200289 u 4500 001 000000037625 003 CaOOAMICUS 005 20070226113803.0 008 980415s1980 it u000 u ita u 035 $a10790292 040 $aPUL(R)$bita 245 00$aDiritto comune e diritti locali nella storia dell'Europa :$batti del convegno di Varenna (12-15 giugno 1979) ; sotto il patrocinio dell'Istituto Lombardo e della Regione Lombardia. 260 $aMilano :$bGiuffrè,$c1980. 300 $a582 p. ;$c25 cm 500 $aSul front. reca: Max-Planck-Institut für europäische Rechtsgeschchte; Instituto Nacional de estudios jurídicos; Institut d'Histoire des anciens pays de droit écrit; Istituto di storia del diritto italiano. 504 $aBibliografia a piè pagina. 650 4$aDiritto comune.$0(OLS)http://pul/subject/9064 710 2 $aMax-Planck-Institut für Europäische Rechtsgeschichte (Frankfurt am Main).$0(OLS)http://pul/name/28212 710 2 $aIstituto di storia del diritto italiano (Università degli studi di Milano).$0(OLS)http://pul/name/28215 710 2 $aInstitut d'Histoire des anciens pays de droit écrit (Universxité de Montpellier I).$0(OLS)http://pul/name/28214 710 2 $aInstituto nacional de estudios jurídicos (Madrid).$0(OLS)http://pul/name/28213 850 $aPUL 852 $aPUL$W1$xSL Diritto e Scienze Sociali 1$y4$m175 B 37$j51411$nBK-PRI$b $qStampati$B51411$CPULBib$Z2$F51411 $H $81 941 1 $a8 961 $aINV: 49186 996 $6245$aDiritto comune e diritti locali nella storia dell'Europa :$batti del convegno di Varenna (12-15 giugno 1979) ; sotto il patrocinio dell'Istituto Lombardo e della Regione Lombardia$9(OLS)http://pul/title/51184 996 $6260$aMilano :$bGiuffrè$9(OLS)http://pul/publisher/48401 LEADER 01263nam a2200265 a 4500 001 000000161241 003 CaOOAMICUS 005 20170609172713.0 008 170609s1977 sp m 001 u spa r 032 $aLibriCat 040 $aPUL$bita 100 1 $aSánchez Caro, José Manuel.$0(OLS)http://pul/name/55392 245 10$aEucaristía e historia de la salvación :$bla historia de la salvaciön en las anáforas orientales /$cJosé Manuel Sánchez Caro. 260 $aSalamanca :$b[s.n.],$c1977. 300 $a69 p. ;$c25 cm. 502 $aEstratto di Tesi-- Pontificia Università Gregoriana. Facultas Theologiae.1977. 504 $aBibliografia in nota a piè pagina. 651 4$aAfrica.$0(OLS)http://pul/subject/29232 710 2 $aPontificia Università Gregoriana.$bFacoltà di teologia.$kTesi.$0(OLS)http://pul/name/81592 850 $aPUL 852 $aPUL$W1$xDP1 Tesi Pon. Univ. Gregoriana$y40$mTH PUG 2607$j185204$qTesi$B188397$CPULBib$Z2$F188397 $H45045 $82 941 1 $a16 996 $6245$aEucaristía e historia de la salvación :$bla historia de la salvaciön en las anáforas orientales$9(OLS)http://pul/title/200963 996 $6260$aSalamanca :$b[s.n.]$9(OLS)http://pul/publisher/53020